000 00635nam a2200253Ia 4500
003 OSt
005 20220912150416.0
006 a|||||r|||| 00| 0
007 ta
008 220909b |||||||| |||| 00| 0 eng d
024 _a44712
037 _cTextual
040 _aCSL
_beng
_cCSL
041 _aeng
082 _aG:5:(E), L0
100 _aSondheimer E
245 0 _aChemical ecology
260 _aNew York
_b Academic Press
_c1970
300 _axv,336p.
_ccm.
650 _aEcology
700 _a Simeone J B
942 _hG:5:(E), L0
_cTEXL
_2CC
999 _c46958
_d46958